Rubén Zamora y el análisis de la izquierda en El Salvador /
El autor reseña la obra de Rubén Zamora, "La izquierda partidaria salvadoreña: entre la identidad y el poder". En este sentido, indica qué no es el libro y qué sí es, en lo esencial. Asimismo destaca un conjunto de proposiciones o tesis que según su criterio resultan relevantes. Luego, hac...
Збережено в:
| Автор: | |
|---|---|
| Інші автори: | |
| Формат: | Текст |
| Предмети: | |
| Теги: |
Додати тег
Немає тегів, Будьте першим, хто поставить тег для цього запису!
|
MARC
| LEADER | 00000 a a2200000 04500 | ||
|---|---|---|---|
| 001 | 14493 | ||
| 003 | |||
| 040 | |||
| 100 | |a Zamora, Rubén | ||
| 245 | |a Rubén Zamora y el análisis de la izquierda en El Salvador / |c Rubén Zamora ; Jorge Rovira Mass | ||
| 500 | |a Reseña de: La Izquierda compartidaria salvadoreña: entre la identidad y el poder / Rubén Zamora. El Salvador: Programa de El Salvador de FLACSO, 2003 | ||
| 520 | |a El autor reseña la obra de Rubén Zamora, "La izquierda partidaria salvadoreña: entre la identidad y el poder". En este sentido, indica qué no es el libro y qué sí es, en lo esencial. Asimismo destaca un conjunto de proposiciones o tesis que según su criterio resultan relevantes. Luego, hace algunas apreciaciones críticas en torno a los temas tratados, para finalizar con el tema de si la sociedad salvadoreña se encuentra viviendo todavía un "proceso de transición a la democracia o más bien uno de consolidación de este régimen político", y a la luz de este planteamiento cuál podría ser un significado importante de las elecciones de marzo del 2004 | ||
| 650 | |a RESEÑAS BIBLIOGRAFICAS | ||
| 650 | |a IDEOLOGIAS POLITICAS | ||
| 650 | |a PARTIDOS POLITICOS | ||
| 650 | |a DEMOCRATIZACION | ||
| 700 | |a Rovira Mass, Jorge |e reseñador | ||
| 773 | |g número 105 (III); páginas 169-173 | ||
| 999 | |c 34168 |d 34168 | ||
| 773 | 0 | |0 18728 |9 3034 |a Universidad de Costa Rica |d San José, Costa Rica Editorial UCR 1956- |o 17133 |t Revista de Ciencias Sociales/ |x 04825276 | |
| 773 | 0 | |0 18728 |9 3034 |a Universidad de Costa Rica |d San José, Costa Rica Editorial UCR 1956- |o 17133 |t Revista de Ciencias Sociales/ |x 04825276 | |
| 773 | 0 | |0 18728 |9 3094 |a Universidad de Costa Rica. |d San José, Costa Rica Editorial UCR 1959- |o 18433 |t Revista de Ciencias Sociales/ |x 04825276 | |
